[Event "CZE-chT1E 2223"]
[Site "Czech Republic"]
[Date "2023.02.26"]
[Round "9.4"]
[White "Pychova, Nela"]
[Black "Weissmann, Lukas"]
[Result "1/2-1/2"]
[WhiteElo "2096"]
[BlackElo "2109"]
[PlyCount "26"]
[EventDate "2022.10.08"]
[EventType "team-tourn"]
[EventRounds "11"]
[EventCountry "CZE"]
[SourceTitle "CBM 213 Extra"]
[Source "ChessBase"]
[SourceDate "2023.05.31"]
[SourceVersion "1"]
[SourceVersionDate "2023.05.31"]
[SourceQuality "1"]
[WhiteTeam "Brno Moravska Slavia II"]
[BlackTeam "Frydek Mistek III"]
[WhiteTeamCountry "CZE"]
[BlackTeamCountry "CZE"]

1. c4 e5 2. Nc3 Nf6 3. g3 c6 4. Bg2 Bc5 5. e3 0-0 6. Nge2 d5 7. cxd5 Nxd5 8. a3 Nxc3 9. dxc3 Qxd1+ 10. Kxd1 Bf5 11. Ke1 Nd7 12. e4 Be6 13. b4 Bb6 1/2-1/2

[Event "CZE-chT1E 2223"]
[Site "Czech Republic"]
[Date "2023.02.25"]
[Round "8.4"]
[White "Vitak, Pavel"]
[Black "Weissmann, Lukas"]
[Result "1/2-1/2"]
[WhiteElo "2219"]
[BlackElo "2109"]
[PlyCount "57"]
[EventDate "2022.10.08"]
[EventType "team-tourn"]
[EventRounds "11"]
[EventCountry "CZE"]
[SourceTitle "CBM 213 Extra"]
[Source "ChessBase"]
[SourceDate "2023.05.31"]
[SourceVersion "1"]
[SourceVersionDate "2023.05.31"]
[SourceQuality "1"]
[WhiteTeam "Stare Mesto"]
[BlackTeam "Frydek Mistek III"]
[WhiteTeamCountry "CZE"]
[BlackTeamCountry "CZE"]

1. d4 Nf6 2. c4 c5 3. d5 g6 4. Nc3 Bg7 5. e4 d6 6. Be2 0-0 7. h3 b5 8. cxb5 a6 9. b6 Nbd7 10. a4 a5 11. Nf3 Nxb6 12. 0-0 e6 13. dxe6 fxe6 14. Bg5 h6 15. Be3 Kh7 16. Qc2 e5 17. Rfd1 Qe7 18. Nd2 Be6 19. Nb5 Rfc8 20. Nc4 Nxc4 21. Bxc4 Rc6 22. Rac1 Nd7 23. Rd2 Bxc4 24. Qxc4 Nb6 25. Qa2 Nc8 26. Qd5 Raa6 27. Rcd1 Qe8 28. Qa2 h5 29. Qc4 1/2-1/2

[Event "Moravia-Silesia Region-chT 2223"]
[Site "Czech Republic"]
[Date "2023.01.15"]
[Round "6"]
[White "Posluszny, Tomasz"]
[Black "Weissmann, Lukas"]
[Result "1-0"]
[WhiteElo "1933"]
[BlackElo "2099"]
[PlyCount "69"]
[EventDate "2022.10.09"]
[EventType "team-tourn"]
[EventRounds "11"]
[EventCountry "CZE"]
[SourceTitle "EXT 2024"]
[Source "ChessBase"]
[SourceDate "2023.10.10"]
[SourceVersion "1"]
[SourceVersionDate "2023.10.10"]
[SourceQuality "1"]
[WhiteTeam "Petrovice Inter"]
[BlackTeam "Frydek Mistek IV"]
[WhiteTeamCountry "CZE"]
[BlackTeamCountry "CZE"]

1. e4 e5 2. Nf3 Nc6 3. d4 exd4 4. Nxd4 Bc5 5. Nb3 Bb6 6. Nc3 Qf6 7. Qe2 Nge7 8. Be3 0-0 9. 0-0-0 Bxe3+ 10. Qxe3 a5 11. Nb5 a4 12. N3d4 Nxd4 13. Qxd4 Qc6 14. Kb1 Ra5 15. Qb4 Rxb5 16. Bxb5 Qb6 17. Qxa4 c6 18. Bf1 Qxf2 19. Qd4 Qh4 20. Bc4 Ng6 21. g3 Qg5 22. Rdf1 d5 23. exd5 Bh3 24. Rf2 Ne5 25. Bb3 cxd5 26. Qxd5 Rd8 27. Qe4 Bd7 28. Qf4 Qh5 29. Re1 Be6 30. Bxe6 fxe6 31. a3 Ng4 32. Rd2 Rf8 33. Qe4 Nxh2 34. Qxe6+ Kh8 35. Qe7 1-0

[Event "CZE-chT1E 2223"]
[Site "Czech Republic"]
[Date "2022.11.26"]
[Round "3.5"]
[White "Weissmann, Lukas"]
[Black "Cempel, Jaroslav"]
[Result "1/2-1/2"]
[WhiteElo "2109"]
[BlackElo "2032"]
[PlyCount "20"]
[EventDate "2022.10.08"]
[EventType "team-tourn"]
[EventRounds "11"]
[EventCountry "CZE"]
[SourceTitle "CBM 213 Extra"]
[Source "ChessBase"]
[SourceDate "2023.05.31"]
[SourceVersion "1"]
[SourceVersionDate "2023.05.31"]
[SourceQuality "1"]
[WhiteTeam "Frydek Mistek III"]
[BlackTeam "Poruba Slavoj II"]
[WhiteTeamCountry "CZE"]
[BlackTeamCountry "CZE"]

1. e4 e6 2. d4 d5 3. Nd2 dxe4 4. Nxe4 Bd7 5. Nf3 Bc6 6. Bd3 Nd7 7. 0-0 Be7 8. Qe2 Ngf6 9. c4 0-0 10. Nc3 Bxf3 1/2-1/2

[Event "CZE-chT2F 2122"]
[Site "Czech Republic"]
[Date "2021.11.21"]
[Round "3.5"]
[White "Hajek, Zdenek"]
[Black "Weissmann, Lukas"]
[Result "1/2-1/2"]
[WhiteElo "1938"]
[BlackElo "2113"]
[PlyCount "32"]
[EventDate "2021.10.17"]
[EventType "team-tourn"]
[EventRounds "11"]
[EventCountry "CZE"]
[SourceTitle "EXT 2024"]
[Source "ChessBase"]
[SourceDate "2023.10.10"]
[SourceVersion "1"]
[SourceVersionDate "2023.10.10"]
[SourceQuality "1"]
[WhiteTeam "Prostejov"]
[BlackTeam "Frydek Mistek III"]
[WhiteTeamCountry "CZE"]
[BlackTeamCountry "CZE"]

1. d4 Nf6 2. c4 e5 3. e3 exd4 4. exd4 Bb4+ 5. Bd2 Bxd2+ 6. Nxd2 0-0 7. Bd3 d5 8. Ne2 Nc6 9. c5 b6 10. cxb6 axb6 11. 0-0 Nb4 12. Nf3 Nxd3 13. Qxd3 Re8 14. Rfe1 Ba6 15. Qc2 c5 16. Nc3 Qd6 1/2-1/2

[Event "CZE-chT1E 1819"]
[Site "Czech Republic"]
[Date "2019.01.20"]
[Round "6.7"]
[White "Weissmann, Lukas"]
[Black "Bazant, Petr Sr"]
[Result "1/2-1/2"]
[WhiteElo "2151"]
[BlackElo "2223"]
[PlyCount "45"]
[EventDate "2018.10.21"]
[EventType "team-tourn"]
[EventRounds "11"]
[EventCountry "CZE"]
[SourceTitle "CBM 188 Extra"]
[Source "ChessBase"]
[SourceDate "2019.02.26"]
[SourceVersion "1"]
[SourceVersionDate "2019.02.26"]
[SourceQuality "1"]
[WhiteTeam "Frydek Mistek II"]
[BlackTeam "Stare Mesto"]
[WhiteTeamCountry "CZE"]
[BlackTeamCountry "CZE"]

1. e4 d5 2. exd5 Qxd5 3. Nc3 Qd6 4. d4 Nf6 5. Nf3 a6 6. g3 Bg4 7. Bg2 e6 8. 0-0 Be7 9. Bf4 Qd8 10. Qd2 c6 11. Ne5 Bh5 12. a3 0-0 13. Rfe1 Nbd7 14. h3 Nxe5 15. Bxe5 Nd7 16. Bf4 Nb6 17. Qd3 Bf6 18. Be5 Bxe5 19. Rxe5 Bg6 20. Be4 Bxe4 21. Rxe4 Nd5 22. Nxd5 exd5 23. Re5 1/2-1/2

[Event "CZE-chT1E 1718"]
[Site "Czech Republic"]
[Date "2018.03.04"]
[Round "9.4"]
[White "Kapusta, Petr"]
[Black "Weissmann, Lukas"]
[Result "1/2-1/2"]
[WhiteElo "2115"]
[BlackElo "2162"]
[PlyCount "91"]
[EventDate "2017.10.22"]
[EventType "team-tourn"]
[EventRounds "11"]
[EventCountry "CZE"]
[SourceTitle "EXT 2019"]
[Source "ChessBase"]
[SourceDate "2018.10.10"]
[SourceVersion "1"]
[SourceVersionDate "2018.10.10"]
[SourceQuality "1"]
[WhiteTeam "Kromeriz"]
[BlackTeam "Frydek Mistek II"]
[WhiteTeamCountry "CZE"]
[BlackTeamCountry "CZE"]

1. e4 c5 2. Nf3 Nc6 3. d4 cxd4 4. Nxd4 g6 5. Nc3 Bg7 6. Be3 Nf6 7. Be2 0-0 8. Nb3 d6 9. 0-0 a5 10. h3 a4 11. Nd4 d5 12. exd5 Nxd5 13. Nxd5 Qxd5 14. Bf3 Qc4 15. b3 Qc3 16. Nxc6 bxc6 17. Rc1 Ba6 18. Bd2 Qc5 19. c4 axb3 20. axb3 Rfd8 21. Qc2 Rab8 22. Be3 Bd4 23. Bxd4 Rxd4 24. Rfd1 e5 25. Rxd4 exd4 26. Ra1 Bc8 27. Qe4 Bf5 28. Qf4 Qb6 29. Bxc6 d3 30. Bd5 Qxb3 31. Ra7 Rf8 32. g4 d2 33. Qxd2 Qb1+ 34. Kg2 Be4+ 35. f3 Bxd5 36. cxd5 Rc8 37. Ra2 Qb3 38. d6 Rd8 39. d7 Qb7 40. Qg5 Qxd7 41. Re2 Re8 42. Rf2 Kg7 43. h4 h6 44. Qc1 Qd4 45. Rd2 Qf6 46. Qb2 1/2-1/2

[Event "CZE-chT2F 1718"]
[Site "Czech Republic"]
[Date "2018.02.11"]
[Round "8.3"]
[White "Wiewiora, Eneasz"]
[Black "Weissmann, Lukas"]
[Result "1-0"]
[WhiteElo "2311"]
[BlackElo "2162"]
[PlyCount "95"]
[EventDate "2017.10.15"]
[EventType "team-tourn"]
[EventRounds "11"]
[EventCountry "CZE"]
[SourceTitle "EXT 2022"]
[Source "ChessBase"]
[SourceDate "2021.10.06"]
[SourceVersion "1"]
[SourceVersionDate "2021.10.06"]
[SourceQuality "1"]
[WhiteTeam "Havirov Slovan"]
[BlackTeam "Dobra"]
[WhiteTeamCountry "CZE"]
[BlackTeamCountry "CZE"]

1. d4 d5 2. Nf3 Nf6 3. c4 c6 4. Nbd2 g6 5. e3 Bg7 6. Bd3 Nbd7 7. 0-0 0-0 8. b3 e5 9. cxd5 cxd5 10. Nxe5 Nxe5 11. dxe5 Ng4 12. Nf3 Nxe5 13. Nd4 Bg4 14. Be2 Bxe2 15. Qxe2 Nc6 16. Nxc6 bxc6 17. Bb2 Re8 18. Bxg7 Kxg7 19. Rac1 Qb6 20. Qb2+ Kg8 21. Qc3 Re6 22. Rfd1 Rb8 23. Rd4 Qb5 24. Ra4 a6 25. h3 Qb6 26. Ra5 Rd8 27. Qc5 Qxc5 28. Raxc5 Rc8 29. Rxd5 Rb8 30. Rd7 Rb6 31. Kf1 Re5 32. Rc3 Kg7 33. Rc7 Re6 34. Ke2 Kf6 35. Rc4 g5 36. Rc5 Kg6 37. Ra5 Rb5 38. Rxa6 Rc5 39. Rd7 Rc2+ 40. Rd2 Rc3 41. Ra7 f5 42. Rad7 f4 43. R2d6 Rxd6 44. Rxd6+ Kf5 45. Kd2 Rc5 46. b4 Rb5 47. Kc3 Ke4 48. Rxc6 1-0

[Event "CZE-chT1E 1718"]
[Site "Czech Republic"]
[Date "2017.11.12"]
[Round "2.2"]
[White "Zpevakova, Jana"]
[Black "Weissmann, Lukas"]
[Result "1/2-1/2"]
[WhiteElo "2086"]
[BlackElo "2162"]
[PlyCount "36"]
[EventDate "2017.10.22"]
[EventType "team-tourn"]
[EventRounds "11"]
[EventCountry "CZE"]
[SourceTitle "CBM 181 Extra"]
[Source "ChessBase"]
[SourceDate "2017.12.12"]
[SourceVersion "1"]
[SourceVersionDate "2017.12.12"]
[SourceQuality "1"]
[WhiteTeam "Stare Mesto"]
[BlackTeam "Frydek Mistek II"]
[WhiteTeamCountry "CZE"]
[BlackTeamCountry "CZE"]

1. d4 Nf6 2. c4 g6 3. Nc3 d5 4. cxd5 Nxd5 5. Bd2 Bg7 6. Nf3 Nb6 7. Bg5 h6 8. Bh4 0-0 9. e3 Nc6 10. Bb5 Bd7 11. 0-0 a6 12. Be2 Be6 13. Rc1 f5 14. Bg3 Bf7 15. Na4 Nxa4 16. Qxa4 Bd5 17. Rfd1 g5 18. Rc5 e6 1/2-1/2

[Event "CZE-chT2F 1617"]
[Site "Czech Republic"]
[Date "2016.12.11"]
[Round "5.4"]
[White "Weissmann, Lukas"]
[Black "Kawulok, Marek"]
[Result "1/2-1/2"]
[WhiteElo "2136"]
[BlackElo "2148"]
[PlyCount "25"]
[EventDate "2016.10.09"]
[EventType "team-tourn"]
[EventRounds "11"]
[EventCountry "CZE"]
[SourceTitle "EXT 2022"]
[Source "ChessBase"]
[SourceDate "2021.10.06"]
[SourceVersion "1"]
[SourceVersionDate "2021.10.06"]
[SourceQuality "1"]
[WhiteTeam "Dobra"]
[BlackTeam "Cesky Tesin"]
[WhiteTeamCountry "CZE"]
[BlackTeamCountry "CZE"]

1. Nf3 Nf6 2. d4 g6 3. Nbd2 d5 4. g3 Bg7 5. Bg2 0-0 6. 0-0 b6 7. c4 e6 8. cxd5 exd5 9. Ne5 c5 10. e3 Bb7 11. b3 cxd4 12. exd4 Ne4 13. Bb2 1/2-1/2

[Event "CZE-chT2F 1617"]
[Site "Czech Republic"]
[Date "2016.11.27"]
[Round "4.4"]
[White "Krejci, Jan"]
[Black "Weissmann, Lukas"]
[Result "1-0"]
[WhiteElo "2147"]
[BlackElo "2136"]
[PlyCount "63"]
[EventDate "2016.10.09"]
[EventType "team-tourn"]
[EventRounds "11"]
[EventCountry "CZE"]
[SourceTitle "EXT 2022"]
[Source "ChessBase"]
[SourceDate "2021.10.06"]
[SourceVersion "1"]
[SourceVersionDate "2021.10.06"]
[SourceQuality "1"]
[WhiteTeam "Litovel Tatran II"]
[BlackTeam "Dobra"]
[WhiteTeamCountry "CZE"]
[BlackTeamCountry "CZE"]

1. Nf3 c5 2. c4 Nf6 3. Nc3 g6 4. g3 Bg7 5. Bg2 0-0 6. d4 cxd4 7. Nxd4 Nc6 8. 0-0 Ng4 9. e3 d6 10. b3 Nxd4 11. exd4 Nh6 12. Bb2 Nf5 13. Nd5 Rb8 14. a4 Bd7 15. Qd2 e6 16. Ne3 Nxe3 17. fxe3 Qg5 18. Ba3 e5 19. Bxd6 exd4 20. Bxf8 Rxf8 21. Ra2 Qxe3+ 22. Qxe3 dxe3 23. Bxb7 Bh3 24. Bg2 Bf5 25. Bf3 Rb8 26. g4 Bd3 27. Be2 Be4 28. c5 Rxb3 29. Rc1 Bc6 30. Bb5 Be4 31. c6 Bd4 32. Kf1 1-0

[Event "Stare Mesto op"]
[Site "Stare Mesto"]
[Date "2016.08.11"]
[Round "8"]
[White "Knotek, Josef"]
[Black "Weissmann, Lukas"]
[Result "0-1"]
[WhiteElo "1974"]
[BlackElo "2153"]
[PlyCount "63"]
[EventDate "2016.08.05"]
[EventType "swiss"]
[EventRounds "10"]
[EventCountry "CZE"]
[SourceTitle "CBM 173 Extra"]
[Source "ChessBase"]
[SourceDate "2016.08.29"]
[SourceVersion "1"]
[SourceVersionDate "2016.08.29"]
[SourceQuality "1"]

1. d4 d5 2. Nf3 Nf6 3. c4 c6 4. cxd5 cxd5 5. Nc3 Nc6 6. Bg5 Ne4 7. Bf4 Nxc3 8. bxc3 e6 9. e3 Bd6 10. Bxd6 Qxd6 11. c4 dxc4 12. Qa4 Bd7 13. Qxc4 Rc8 14. Qb3 Nb4 15. Bd3 Nxd3+ 16. Qxd3 Qb4+ 17. Qd2 Qb5 18. Ne5 Bc6 19. f3 0-0 20. Kf2 Rfd8 21. Rhc1 Qxe5 22. Qc2 Qa5 23. h4 e5 24. Qb2 exd4 25. exd4 Qa4 26. Rd1 Bd5 27. Rd2 Rc4 28. Re1 Qb4 29. Ree2 Qxb2 30. Rxb2 Rxd4 31. Re7 Bc6 32. Kg3 0-1

[Event "Stare Mesto op"]
[Site "Stare Mesto"]
[Date "2016.08.05"]
[Round "1"]
[White "Weissmann, Lukas"]
[Black "Slanicay, Gabriel"]
[Result "1-0"]
[WhiteElo "2153"]
[BlackElo "1721"]
[PlyCount "53"]
[EventDate "2016.08.05"]
[EventType "swiss"]
[EventRounds "10"]
[EventCountry "CZE"]
[SourceTitle "CBM 173 Extra"]
[Source "ChessBase"]
[SourceDate "2016.08.29"]
[SourceVersion "1"]
[SourceVersionDate "2016.08.29"]
[SourceQuality "1"]

1. Nf3 Nf6 2. c4 g6 3. Nc3 d5 4. cxd5 Nxd5 5. h4 Bg7 6. h5 Nc6 7. Qb3 Nb6 8. hxg6 hxg6 9. Rxh8+ Bxh8 10. d3 Be6 11. Qa3 Qd6 12. Qxd6 cxd6 13. Ng5 Bd7 14. Be3 Nb4 15. Rc1 Rc8 16. a3 Bxc3+ 17. Rxc3 Rxc3 18. bxc3 Nc2+ 19. Kd2 Nxa3 20. c4 d5 21. Bc5 Nb1+ 22. Kc2 Na4 23. Bb4 a5 24. Bxa5 Na3+ 25. Kb3 Nb1 26. cxd5 Nb6 27. Kb2 1-0

[Event "CZE-chT2F 1516"]
[Site "Czech Republic"]
[Date "2016.04.17"]
[Round "11.13"]
[White "Weissmann, Lukas"]
[Black "Podlesny, Pavel"]
[Result "1-0"]
[WhiteElo "2144"]
[BlackElo "2117"]
[PlyCount "83"]
[EventDate "2015.10.18"]
[EventType "team-tourn"]
[EventRounds "11"]
[EventCountry "CZE"]
[SourceTitle "EXT 2022"]
[Source "ChessBase"]
[SourceDate "2021.10.06"]
[SourceVersion "1"]
[SourceVersionDate "2021.10.06"]
[SourceQuality "1"]
[WhiteTeam "Poruba Slavoj II"]
[BlackTeam "Havirov Banik"]
[WhiteTeamCountry "CZE"]
[BlackTeamCountry "CZE"]

1. Nf3 d5 2. d4 Nf6 3. c4 c6 4. Nc3 Nbd7 5. e3 dxc4 6. Bxc4 Nb6 7. Bb3 Bf5 8. Ne5 e6 9. Qf3 Bg6 10. 0-0 Bd6 11. e4 Bxe5 12. dxe5 Nfd7 13. Qg3 Qc7 14. Bf4 Nc5 15. Rfd1 Nxb3 16. axb3 a6 17. Be3 Nd7 18. Rd6 0-0 19. Rad1 Rad8 20. Bg5 f6 21. exf6 gxf6 22. Bh6 Rfe8 23. h4 Ne5 24. Rxd8 Rxd8 25. Rxd8+ Qxd8 26. h5 Qb6 27. hxg6 hxg6 28. Bf4 Qxb3 29. Bxe5 fxe5 30. Qxg6+ Kf8 31. Qf6+ Ke8 32. Qxe5 Qxb2 33. Qxe6+ Kf8 34. Qf5+ Ke7 35. Qc5+ Kd7 36. g3 b6 37. Qd4+ Ke6 38. e5 c5 39. Qd6+ Kf7 40. e6+ Kg7 41. Qe5+ Kh7 42. e7 1-0

[Event "Valasska Bystrice op"]
[Site "Valasska Bystrice"]
[Date "2015.09.17"]
[Round "7"]
[White "Weissmann, Lukas"]
[Black "Belunek, Vladimir"]
[Result "1/2-1/2"]
[WhiteElo "2155"]
[BlackElo "2253"]
[PlyCount "23"]
[EventDate "2015.09.12"]
[EventType "swiss"]
[EventRounds "9"]
[EventCountry "CZE"]
[SourceTitle "EXT 2016"]
[Source "ChessBase"]
[SourceDate "2015.10.08"]
[SourceVersion "1"]
[SourceVersionDate "2015.10.08"]
[SourceQuality "1"]

1. Nf3 Nf6 2. c4 e6 3. Nc3 d5 4. d4 Be7 5. Bf4 0-0 6. e3 c5 7. dxc5 Bxc5 8. Qc2 Nc6 9. a3 Qa5 10. Rd1 Be7 11. Bd3 dxc4 12. Bxc4 1/2-1/2

[Event "Valasska Bystrice op"]
[Site "Valasska Bystrice"]
[Date "2015.09.15"]
[Round "5"]
[White "Weissmann, Lukas"]
[Black "Stancik, Jakub"]
[Result "1-0"]
[WhiteElo "2155"]
[BlackElo "1956"]
[PlyCount "61"]
[EventDate "2015.09.12"]
[EventType "swiss"]
[EventRounds "9"]
[EventCountry "CZE"]
[SourceTitle "EXT 2016"]
[Source "ChessBase"]
[SourceDate "2015.10.08"]
[SourceVersion "1"]
[SourceVersionDate "2015.10.08"]
[SourceQuality "1"]

1. Nf3 d5 2. d4 e6 3. c4 c5 4. e3 Nf6 5. Nc3 a6 6. a3 Nc6 7. dxc5 Bxc5 8. b4 Bd6 9. Bb2 0-0 10. cxd5 exd5 11. Be2 Re8 12. 0-0 Bc7 13. b5 Na5 14. Qa4 Be6 15. Rfd1 Qe7 16. Rd2 axb5 17. Qxb5 Nc4 18. Nxd5 Bxd5 19. Bxc4 Ra5 20. Bxf6 gxf6 21. Qb3 Bxf3 22. gxf3 Rg5+ 23. Kf1 Bxh2 24. Rad1 Rg1+ 25. Ke2 Rxd1 26. Rxd1 f5 27. Qb5 Rf8 28. Qxf5 Qxa3 29. Qg5+ Kh8 30. Qf6+ Kg8 31. Rd7 1-0

[Event "CZE-chT2F 1415"]
[Site "Czech Republic"]
[Date "2015.02.08"]
[Round "7.51"]
[White "Michenka, Jozef"]
[Black "Weissmann, Lukas"]
[Result "1/2-1/2"]
[WhiteElo "2326"]
[BlackElo "2159"]
[PlyCount "83"]
[EventDate "2014.11.02"]
[EventType "team-tourn"]
[EventRounds "11"]
[EventCountry "CZE"]
[SourceTitle "EXT 2022"]
[Source "ChessBase"]
[SourceDate "2021.10.06"]
[SourceVersion "1"]
[SourceVersionDate "2021.10.06"]
[SourceQuality "1"]
[WhiteTeam "Havirov Banik"]
[BlackTeam "Dobra"]
[WhiteTeamCountry "CZE"]
[BlackTeamCountry "CZE"]

1. d4 Nf6 2. c4 e6 3. Nc3 Bb4 4. Qc2 0-0 5. a3 Bxc3+ 6. Qxc3 b5 7. cxb5 c6 8. g3 cxb5 9. Bg2 d5 10. Bg5 Bb7 11. Nf3 Nbd7 12. 0-0 Qb6 13. Rfc1 Rfc8 14. Qd3 Ne4 15. Bf4 f6 16. Nd2 f5 17. f3 Nxd2 18. Qxd2 Rc4 19. e3 Rac8 20. Bf1 h6 21. h4 Nf6 22. Be5 Qc6 23. Bxc4 dxc4 24. Rf1 Nd7 25. Bf4 Qb6 26. Rac1 a5 27. b3 Bd5 28. bxc4 bxc4 29. Rb1 Qc6 30. Qxa5 c3 31. Kg2 Qc4 32. Rf2 Qd3 33. Rc1 Nf6 34. Kh3 Nh5 35. Qb6 Nxf4+ 36. exf4 Qe3 37. Qa6 Qxf2 38. Qxc8+ Kh7 39. Rxc3 Qf1+ 40. Kh2 Qf2+ 41. Kh3 Qf1+ 42. Kh2 1/2-1/2

[Event "CZE-chT2F 1415"]
[Site "Czech Republic"]
[Date "2015.01.11"]
[Round "5.42"]
[White "Weissmann, Lukas"]
[Black "Vesely, Libor"]
[Result "0-1"]
[WhiteElo "2159"]
[BlackElo "2197"]
[PlyCount "90"]
[EventDate "2014.11.02"]
[EventType "team-tourn"]
[EventRounds "11"]
[EventCountry "CZE"]
[SourceTitle "EXT 2022"]
[Source "ChessBase"]
[SourceDate "2021.10.06"]
[SourceVersion "1"]
[SourceVersionDate "2021.10.06"]
[SourceQuality "1"]
[WhiteTeam "Dobra"]
[BlackTeam "Poruba Slavoj II"]
[WhiteTeamCountry "CZE"]
[BlackTeamCountry "CZE"]

1. e4 c5 2. Nf3 Nc6 3. d4 cxd4 4. Nxd4 g6 5. c4 Bg7 6. Be3 Nf6 7. Nc3 0-0 8. Nc2 Qa5 9. f3 d6 10. Qd2 Be6 11. Rc1 Nd7 12. Be2 f5 13. exf5 Rxf5 14. 0-0 Nde5 15. b4 Nxb4 16. Nd5 Nxd5 17. Qxa5 Nxe3 18. Qb4 Nxf1 19. Rxf1 b6 20. f4 Nc6 21. Qd2 Rc5 22. g4 Rf8 23. Ne3 Nd4 24. Bd3 Bd7 25. Be4 b5 26. f5 gxf5 27. Nxf5 Nxf5 28. Bxf5 Bxf5 29. Rxf5 Rfxf5 30. gxf5 bxc4 31. Qe2 Kf7 32. Qh5+ Kf8 33. Qxh7 c3 34. f6 Bxf6 35. Qc2 Rb5 36. Qe4 Rb2 37. a4 c2 38. Qa8+ Kf7 39. Qd5+ e6 40. Qh5+ Kf8 41. Qh6+ Bg7 42. Qg5 Rb1+ 43. Kg2 c1Q 44. Qd8+ Kf7 45. Qd7+ Kf6 0-1

[Event "Bardejov op"]
[Site "Bardejov"]
[Date "2014.12.29"]
[Round "5"]
[White "Lys, Josef"]
[Black "Weissmann, Lukas"]
[Result "1-0"]
[WhiteElo "2204"]
[BlackElo "2159"]
[PlyCount "71"]
[EventDate "2014.12.26"]
[EventType "swiss"]
[EventRounds "9"]
[EventCountry "SVK"]
[SourceTitle "CBM 164 Extra"]
[Source "ChessBase"]
[SourceDate "2015.03.02"]
[SourceVersion "1"]
[SourceVersionDate "2015.03.02"]
[SourceQuality "1"]

1. d4 d6 2. c4 g6 3. Nc3 Bg7 4. Nf3 Nf6 5. h3 Na6 6. e4 c5 7. d5 0-0 8. Bd3 e6 9. 0-0 exd5 10. cxd5 Nc7 11. Nd2 a6 12. a4 Nh5 13. Nc4 Bd4 14. Ne2 Bg7 15. g4 Qh4 16. gxh5 Bxh3 17. Bf4 Qg4+ 18. Bg3 Bxf1 19. Kxf1 b5 20. Nxd6 c4 21. Bc2 Qxh5 22. Rb1 Be5 23. Ng1 Bxg3 24. Qxh5 gxh5 25. fxg3 Rad8 26. Nf5 Rfe8 27. Rd1 Re5 28. d6 Ne8 29. Ne7+ Rxe7 30. dxe7 Rxd1+ 31. Bxd1 Kg7 32. e5 b4 33. Ke1 Nc7 34. Bxh5 c3 35. bxc3 bxc3 36. Ne2 1-0

[Event "CZE-chT2F 1415"]
[Site "Czech Republic"]
[Date "2014.11.02"]
[Round "1.23"]
[White "Vanek, Ladislav"]
[Black "Weissmann, Lukas"]
[Result "1-0"]
[WhiteElo "2184"]
[BlackElo "2159"]
[PlyCount "57"]
[EventDate "2014.11.02"]
[EventType "team-tourn"]
[EventRounds "11"]
[EventCountry "CZE"]
[SourceTitle "EXT 2022"]
[Source "ChessBase"]
[SourceDate "2021.10.06"]
[SourceVersion "1"]
[SourceVersionDate "2021.10.06"]
[SourceQuality "1"]
[WhiteTeam "Litovel Tatran II"]
[BlackTeam "Dobra"]
[WhiteTeamCountry "CZE"]
[BlackTeamCountry "CZE"]

1. d4 Nf6 2. c4 g6 3. Nc3 Bg7 4. e4 d6 5. f4 0-0 6. Be2 c5 7. d5 e6 8. Nf3 exd5 9. cxd5 b5 10. e5 dxe5 11. fxe5 Ng4 12. Bg5 Qb6 13. 0-0 Nxe5 14. Be7 Re8 15. d6 Be6 16. Nxe5 Bxe5 17. Bf3 Bd4+ 18. Kh1 Nc6 19. Nd5 Bxd5 20. Bxd5 Ne5 21. Bxa8 Rxa8 22. d7 Nxd7 23. Qf3 Re8 24. Qxf7+ Kh8 25. Rad1 Qc6 26. Bxc5 Qxc5 27. Qxd7 Bg7 28. Rf7 Rg8 29. Rxg7 1-0

[Event "CZE-chT2F 1314"]
[Site "Czech Republic"]
[Date "2014.03.23"]
[Round "10.44"]
[White "Babula, Milan"]
[Black "Weissmann, Lukas"]
[Result "1/2-1/2"]
[WhiteElo "2249"]
[BlackElo "2134"]
[PlyCount "20"]
[EventDate "2013.11.03"]
[EventType "team-tourn"]
[EventRounds "11"]
[EventCountry "CZE"]
[SourceTitle "EXT 2016"]
[Source "ChessBase"]
[SourceDate "2015.10.08"]
[SourceVersion "1"]
[SourceVersionDate "2015.10.08"]
[SourceQuality "1"]
[WhiteTeam "Trinec II"]
[BlackTeam "Dobra"]
[WhiteTeamCountry "CZE"]
[BlackTeamCountry "CZE"]

1. e4 c5 2. Nf3 Nc6 3. Bb5 e6 4. 0-0 Nge7 5. Re1 a6 6. Bf1 d5 7. exd5 Nxd5 8. Na3 Be7 9. c3 Nf6 10. Nc2 0-0 1/2-1/2

[Event "Teplicka nad Vahom op"]
[Site "Teplicka nad Vahom"]
[Date "2013.12.28"]
[Round "8"]
[White "Weissmann, Lukas"]
[Black "Pechac, Jergus"]
[Result "0-1"]
[WhiteElo "2134"]
[BlackElo "2249"]
[PlyCount "114"]
[EventDate "2013.12.28"]
[EventType "swiss (rapid)"]
[EventRounds "9"]
[EventCountry "SVK"]
[SourceTitle "EXT 2015"]
[Source "ChessBase"]
[SourceDate "2014.11.20"]
[SourceVersion "1"]
[SourceVersionDate "2014.11.20"]
[SourceQuality "1"]

1. e4 c5 2. Nf3 Nc6 3. g3 g6 4. Bg2 Bg7 5. 0-0 d6 6. d3 Nf6 7. Nc3 0-0 8. Bg5 h6 9. Be3 Kh7 10. h3 e5 11. Nd2 Be6 12. Nd5 Bxd5 13. exd5 Nd4 14. c4 Nf5 15. Ne4 Nxe4 16. dxe4 Nxe3 17. fxe3 Qg5 18. Qe1 f5 19. h4 Qe7 20. h5 f4 21. hxg6+ Kxg6 22. Bh3 Kh7 23. Bf5+ Kh8 24. g4 Qg5 25. Qe2 fxe3 26. Rae1 Bf6 27. Qxe3 Qg7 28. Re2 Bg5 29. Qh3 Rab8 30. a4 a6 31. Rf3 b5 32. cxb5 axb5 33. axb5 Rxb5 34. Rb3 Rfb8 35. Rxb5 Rxb5 36. Qh5 Rb8 37. Kg2 Bf4 38. Qh3 Qb7 39. Rf2 Bg5 40. Be6 Qb4 41. Qf3 Bf4 42. g5 Bxg5 43. Qf5 Qb7 44. Qg6 Qg7 45. Qxg7+ Kxg7 46. Rf7+ Kg6 47. Rd7 Rxb2+ 48. Kf3 Rb3+ 49. Kf2 Rb6 50. Bf5+ Kh5 51. Kf3 Rb3+ 52. Kf2 c4 53. Rxd6 c3 54. Rc6 Rb2+ 55. Kf3 c2 56. Kg3 Rb3+ 57. Kh2 c1Q 0-1